World Currencies That Start With B - Statistics

General Stats
  • This quiz has been taken 50 times
  • The average score is 4 of 5
Answer Stats
Country Currency % Correct
Venezuela Bolivar
98%
Thailand Baht
93%
Bolivia Boliviano
73%
Ethiopia Birr
70%
Panama Balboa
64%
No matching quizzes found
Score Distribution
Percent of People with Each Score
Percentile by Number Answered
Your Score History
You have not taken this quiz